Flags with Crosses - Statistics

General Stats
  • This quiz has been taken 275 times
  • The average score is 24 of 26
Answer Stats
Picture Answer % Correct
Finland
98%
Greece
98%
Sweden
98%
Switzerland
98%
United Kingdom
98%
Georgia
97%
Jamaica
97%
Norway
97%
Spain
97%
Iceland
96%
Australia
95%
Denmark
95%
New Zealand
95%
Malta
93%
Vatican City
92%
San Marino
90%
Serbia
90%
Slovakia
90%
Dominican Republic
87%
Dominica
86%
Fiji
86%
Montenegro
86%
Moldova
84%
Tonga
82%
Tuvalu
79%
Burundi
74%
No matching quizzes found
Score Distribution
Percent of People with Each Score
Percentile by Number Answered
Your Score History
You have not taken this quiz